[Event "Euro Online U2300 Day 1"]
[Site "chess.com INT"]
[Date "2020.05.25"]
[Round "3"]
[White "Gloser, David"]
[Black "Bosboom, Ardin"]
[Result "1/2-1/2"]
[WhiteElo "2228"]
[BlackElo "2005"]
[WhiteFideId "381420"]
[BlackFideId "1046454"]
[EventDate "2020.05.25"]

1. e4 c5 2. Ne2 e6 3. g3 Nc6 4. Bg2 a6 5. O-O d6 6. c3 Nf6 7. d4 cxd4 8. cxd4
Be7 9. Nbc3 O-O 10. h3 Bd7 11. Be3 Qa5 12. f4 b5 13. d5 exd5 14. exd5 Nd8 15.
Nd4 b4 16. Nb3 Qc7 17. Ne2 Bb5 18. Nbd4 Bd7 19. Qd2 a5 20. Rac1 Qb7 21. Nc6 Re8
22. Bd4 Nxd5 23. Nxe7+ Rxe7 24. Bf2 Bc6 25. Rxc6 Nxc6 26. Bxd5 Qa6 27. Nd4 Nxd4
28. Qxd4 Rae8 29. f5 Re5 30. f6 gxf6 31. Bf3 Rg5 32. Rd1 Re6 33. Bd5 Ree5 34.
Bg2 d5 35. h4 Rgf5 36. Bh3 Re4 37. Bxf5 Rxd4 38. Rxd4 Qc6 39. Kg2 Kf8 40. Bg4
Ke7 41. Bd1 Kd6 42. Bb3 Qc1 43. Rxd5+ Ke7 44. Rxa5 Qxb2 45. Ra7+ Kd6 46. Ra6+
Ke5 47. Ra7 h5 48. Rxf7 Kf5 49. Rc7 Qd2 50. Rc5+ Kg6 51. Rc2 Qd6 52. Re2 Qc6+
53. Kh2 Qa6 54. Rc2 Qf1 55. Bg1 Kf5 56. Bd5 Qb5 57. Bg2 Kg6 58. Rb2 Qa4 59. Be4+
Kg7 60. Bd4 Qa3 61. Rf2 b3 62. axb3 Qxb3 63. Rxf6 Kg8 64. Bg2 Qd3 65. Rf4 Kh7
66. Bf6 Kg8 67. Bg5 Qd7 68. Rb4 Qc7 69. Rb7 Qd6 70. Bf4 Qc5 71. Bf3 Qc2+ 72. Bg2
Qe2 73. Rb8+ Kg7 74. Rc8 Kf6 75. Rc5 Kg6 76. Rg5+ Kf6 77. Kh3 Qe6+ 78. Kh2 Qe2
79. Ra5 Kg6 80. Rd5 Kf6 81. Rd2 Qb5 82. Bf3 Qb3 83. Kg2 Kg6 84. Rd6+ Kg7 85.
Bxh5 Qb2+ 86. Kh3 Qf2 87. Rd7+ Kf6 88. Bg4 Qf1+ 89. Kh2 Qf2+ 90. Kh1 Qf1+ 91.
Kh2 Qf2+ 92. Kh3 Qf1+ 93. Kh2 1/2-1/2

[Event "Euro Online U2300 Day 1"]
[Site "chess.com INT"]
[Date "2020.05.25"]
[Round "3"]
[White "Marn, Jan"]
[Black "Kacprzak, Karol"]
[Result "1/2-1/2"]
[WhiteTitle "FM"]
[WhiteElo "2360"]
[BlackElo "1988"]
[WhiteFideId "14619245"]
[BlackFideId "21819327"]
[EventDate "2020.05.25"]

1. d4 Nf6 2. c4 e6 3. Nf3 b6 4. e3 Bb7 5. Be2 c5 6. O-O Be7 7. Nc3 d5 8. b3 O-O
9. cxd5 Nxd5 10. Nxd5 Qxd5 11. Bb2 cxd4 12. Qxd4 Qxd4 13. Nxd4 Bf6 14. Rac1 Na6
15. Ba3 Rfd8 16. Rfd1 Bxd4 17. exd4 Rac8 18. Be7 Re8 19. Bh4 Nb4 20. a3 Nd5 21.
Bf3 Ba6 22. h3 h6 23. Bg3 Bb7 24. Kf1 Red8 25. Bh4 g5 26. Bg3 Kf8 27. h4 Ba6+
28. Kg1 Bb7 29. hxg5 hxg5 30. Be5 Ke7 31. b4 Ba8 32. Bxd5 Bxd5 33. f3 f6 34. Bg3
Kd7 35. Kf2 a6 36. Rh1 Rxc1 37. Rxc1 Rc8 38. Rxc8 Kxc8 39. Bd6 Kd7 40. Bb8 b5
41. Ke3 Bc4 42. Ba7 Bf1 43. g3 Bc4 44. Bc5 Bd5 45. f4 g4 46. Bb6 f5 47. Bc5 Be4
48. Bb6 Kc6 49. Bc5 Kd5 50. Kd2 Kc4 51. Ke3 Bd5 52. Bd6 Kb3 53. Bc5 Kxa3 54. Bd6
Kb3 55. Bc5 Ka4 56. Kd3 Kb3 57. Ke3 Be4 58. Kd2 Kc4 59. Ke3 Kc3 60. Bd6 Kc2 61.
Bc5 Kd1 62. Kf2 Kd2 63. Bb6 Bd5 64. Bc5 Kd3 65. Bb6 Kc3 66. Ba5 Kxd4 67. Kg1 Ke4
68. Kh2 Kf3 69. Bb6 Be4 70. Ba5 Ke3 71. Bb6+ Kd3 72. Ba5 Bd5 73. Kg1 Ke3 74. Kh2
Ke4 75. Kg1 e5 76. fxe5 Kxe5 77. Kh2 Kd4 78. Kg1 Ke3 79. Kh2 Kf3 80. Bc7 Be4 81.
Ba5 f4 82. gxf4 g3+ 83. Kg1 Kxf4 84. Bc7+ Kf3 85. Bd6 Bf5 86. Bc7 Be4 87. Ba5 g2
88. Bc7 Ke3 89. Bd8 Kd3 90. Ba5 Kc4 91. Kf2 Kb3 92. Kg1 Bb7 93. Kf2 Kc4 94. Kg1
Kd4 95. Kf2 Kd3 96. Kg1 Ke2 97. Bd8 Kf3 98. Bc7 a5 99. Bxa5 Bd5 100. Bc7 Bc4
101. Bd6 1/2-1/2

[Event "Euro Online U2300 Day 1"]
[Site "chess.com INT"]
[Date "2020.05.25"]
[Round "3"]
[White "Jafarli, Babak"]
[Black "Gara, Anita"]
[Result "1-0"]
[BlackTitle "IM"]
[WhiteElo "2020"]
[BlackElo "2345"]
[WhiteFideId "13406019"]
[BlackFideId "709751"]
[EventDate "2020.05.25"]

1. e4 c5 2. Nf3 d6 3. Bb5+ Nd7 4. O-O a6 5. Bxd7+ Bxd7 6. e5 e6 7. c3 Bc6 8. Re1
Nh6 9. d4 cxd4 10. Nxd4 dxe5 11. Rxe5 Nf5 12. Na3 Bd6 13. Nxc6 bxc6 14. Re1 Qc7
15. h3 O-O 16. Nc4 Bc5 17. Qg4 Rad8 18. Bf4 Qa7 19. Re2 Rd5 20. Rae1 Rfd8 21.
Be5 Rd1 22. Qf4 f6 23. Bc7 Rxe1+ 24. Rxe1 Bxf2+ 25. Qxf2 Qxc7 26. Rxe6 Rd1+ 27.
Re1 Qd7 28. g4 Ne7 29. Qe2 Rxe1+ 30. Qxe1 Kf7 31. Qe4 g6 32. Qf3 Qe6 33. b3 Nd5
34. Kf2 Qe7 35. h4 Qc5+ 36. Ke2 Qg1 37. Nd2 Qh2+ 38. Kd3 Qxh4 39. c4 Ne7 40. Ne4
Kg7 41. a4 f5 42. gxf5 Nxf5 43. a5 Qd8+ 44. Kc3 Qxa5+ 45. Kb2 Qe5+ 46. Kb1 Nd4
47. Qd3 a5 48. Nc3 c5 49. Kb2 Ne6 50. Qd7+ Kf6 51. Kc2 Qf5+ 52. Kb2 Nd4 53. Qd8+
Kg7 54. Qe7+ Qf7 55. Qe5+ Kg8 56. Qb8+ Qf8 57. Qh2 Qe8 58. Qg2 Qe6 59. Qa8+ Kg7
60. Qxa5 h5 61. Qxc5 Nf5 62. Qf2 Kh6 63. Nd5 Qe5+ 64. Ka2 Qd6 65. b4 Qa6+ 66.
Kb3 Qa1 67. Qf4+ Kg7 68. c5 Qb1+ 69. Kc4 Qc2+ 70. Kb5 Qd3+ 71. Kc6 Qa6+ 72. Nb6
Qa7 73. Qe5+ Kh6 74. Qf4+ Kg7 75. Kb5 Qe7 76. c6 Nd6+ 77. Ka6 Qc7 78. Qe5+ Kh6
79. b5 Qb8 80. Qf4+ Kg7 81. Qd4+ Kh6 82. Qe3+ Kg7 83. Qc3+ Kh6 84. c7 Qb7+ 85.
Ka5 Qa7+ 86. Kb4 Qxb6 87. Qh8+ Kg5 88. Qe5+ Kh6 89. Qh8+ Kg5 90. Qe5+ Kh6 91.
Qc5 Qb7 92. Qxd6 Qe4+ 93. Ka5 Qa8+ 94. Kb6 h4 95. Qd8 Qe4 96. c8=Q Qe3+ 97. Qc5
Qg3 98. Qdd6 Qxd6+ 99. Qxd6 h3 100. Qg3 g5 101. Qxh3+ 1-0

[Event "Euro Online U2300 Day 1"]
[Site "chess.com INT"]
[Date "2020.05.25"]
[Round "3"]
[White "Sargsyan, Tigran R."]
[Black "Mikadze, Miranda"]
[Result "0-1"]
[BlackTitle "WGM"]
[WhiteElo "2274"]
[BlackElo "2269"]
[WhiteFideId "13311328"]
[BlackFideId "13603108"]
[EventDate "2020.05.25"]

1. Nf3 d5 2. d4 Nf6 3. c4 c6 4. e3 Bf5 5. Nc3 e6 6. Nh4 Bg4 7. Qb3 Qb6 8. h3 Bh5
9. g4 Bg6 10. Nxg6 hxg6 11. Bg2 Be7 12. c5 Qxb3 13. axb3 e5 14. b4 exd4 15. exd4
Na6 16. b5 Nb4 17. O-O Nc2 18. Ra4 Nd7 19. Rd1 a5 20. bxc6 bxc6 21. Na2 O-O 22.
Bd2 Bf6 23. Bc3 Rfe8 24. Rc1 Nb4 25. Nxb4 axb4 26. Rxb4 Nf8 27. Rb6 Rec8 28. Bf1
Ne6 29. Rd1 Bd8 30. Ra6 Rab8 31. b4 Bf6 32. Ra2 g5 33. Rb2 Nc7 34. Ra1 Rb7 35.
Ba6 Nxa6 36. Rxa6 g6 37. Kf1 Kg7 38. Kg2 Rcc7 39. Ra5 Re7 40. b5 cxb5 41. Raxb5
Rbc7 42. Rb6 Re4 43. Rd2 Be7 44. Rd3 f5 45. Re3 Rxe3 46. fxe3 f4 47. Kf3 fxe3
48. Kxe3 Kf7 49. Kd3 Rc8 50. Rb7 Ke6 51. Rb6+ Kf7 52. Rb2 Rh8 53. Rf2+ Ke6 54.
Rf3 Bf6 55. Bd2 Ra8 56. Re3+ Kd7 57. Bc3 Ra3 58. Rf3 Ke6 59. Re3+ Kd7 60. Re1
Bd8 61. Ra1 Rxa1 62. Bxa1 Kc6 63. Bc3 Kb5 64. Bd2 Bf6 65. Be3 Be7 66. Ke2 Bf6
67. Kf3 Bd8 68. Bf2 Kc6 69. Ke3 Kb5 70. Bg3 Kc6 71. Be5 Kb5 72. Kd3 Be7 73. Kc3
Bd8 74. Kb3 Be7 75. Bg7 Bd8 76. Kc3 Be7 77. Kd3 Bd8 78. Be5 Be7 79. Ke3 Bd8 80.
Kf3 Be7 81. Bc7 Kc6 82. Bg3 Bf6 83. Bf2 Kb5 84. h4 gxh4 85. Kf4 g5+ 86. Kf5 Bd8
87. Ke6 Kc6 88. Bg1 Bc7 89. Kf6 Bf4 90. Kf5 h3 91. Kg6 h2 92. Bxh2 Bxh2 93. Kxg5
Bg1 94. Kf5 Bxd4 95. g5 Bxc5 96. g6 Bd4 97. Ke6 Kc5 98. Kf7 Kc4 99. Ke6 Bg7 100.
Kf7 Bh6 101. Kg8 d4 102. Kh7 Bf8 103. Kg8 Bd6 104. Kf7 Be5 105. Ke6 Bh8 106. Kf7
d3 107. Kg8 Bd4 0-1

[Event "Euro Online U2300 Day 1"]
[Site "chess.com INT"]
[Date "2020.05.25"]
[Round "4"]
[White "Iljushina, Olga"]
[Black "Stoyanov, Viktor"]
[Result "1-0"]
[WhiteTitle "WGM"]
[WhiteElo "2132"]
[BlackElo "2240"]
[WhiteFideId "4152280"]
[BlackFideId "450308"]
[EventDate "2020.05.25"]

1. d4 Nf6 2. c4 g6 3. Nc3 d5 4. Bg5 Bg7 5. Nf3 Ne4 6. Bh4 Nxc3 7. bxc3 dxc4 8.
Qb1 O-O 9. e3 Bf5 10. Qxb7 Nd7 11. Bxc4 c5 12. O-O Re8 13. Qb3 e6 14. Bxd8 1-0

[Event "Euro Online U2300 Day 1"]
[Site "chess.com INT"]
[Date "2020.05.25"]
[Round "4"]
[White "Frick, Christoph"]
[Black "Malczyk, Radoslaw"]
[Result "1-0"]
[WhiteTitle "FM"]
[WhiteElo "2101"]
[BlackElo "2099"]
[WhiteFideId "4607090"]
[BlackFideId "1128574"]
[EventDate "2020.05.25"]

1. e4 c5 2. Nc3 Nc6 3. g3 g6 4. Bg2 Bg7 5. d3 d6 6. Nh3 e5 7. O-O Nge7 8. f4 O-O
9. f5 gxf5 10. exf5 Bxf5 11. Rxf5 Nxf5 12. Be4 Nfd4 13. Qh5 f5 14. Ng5 h6 15.
Bd5+ Kh8 16. Qg6 Qxg5 17. Bxg5 Ne7 18. Bxe7 1-0

[Event "Euro Online U2300 Day 1"]
[Site "chess.com INT"]
[Date "2020.05.25"]
[Round "4"]
[White "Lucchi, Lorenzo"]
[Black "Gombocz, Ferenc Jr."]
[Result "0-1"]
[BlackTitle "FM"]
[WhiteElo "2111"]
[BlackElo "2209"]
[WhiteFideId "821160"]
[BlackFideId "775029"]
[EventDate "2020.05.25"]

1. e4 e5 2. Bc4 Nf6 3. d3 c6 4. Nc3 d6 5. Bg5 Be7 6. Nge2 O-O 7. h3 Nbd7 8. Qd2
b5 9. Bb3 Nc5 10. O-O a5 11. a4 Nxb3 12. cxb3 b4 13. Nd1 Nxe4 14. Bxe7 Nxd2 15.
Bxd8 Rxd8 16. Re1 Nxb3 17. Rb1 Ba6 18. Ne3 Bxd3 19. Rbd1 Bxe2 20. Rxe2 Nd4 21.
Red2 d5 22. f4 Nb3 23. Rc2 exf4 24. Nf5 c5 25. Ne7+ Kf8 26. Nxd5 Rac8 27. Rc4
Nd4 28. Nb6 Rc6 29. Na8 Nf3+ 30. gxf3 Rxd1+ 0-1

[Event "Euro Online U2300 Day 1"]
[Site "chess.com INT"]
[Date "2020.05.25"]
[Round "4"]
[White "Boe, Mads"]
[Black "Gerasimenyuk, Mikhail"]
[Result "1-0"]
[WhiteTitle "FM"]
[BlackTitle "FM"]
[WhiteElo "2284"]
[BlackElo "2133"]
[WhiteFideId "1401408"]
[BlackFideId "14111845"]
[EventDate "2020.05.25"]

1. e4 c6 2. d4 d5 3. Nd2 dxe4 4. Nxe4 Nf6 5. Nxf6+ gxf6 6. c3 Nd7 7. Nf3 Nb6 8.
g3 h5 9. Bg2 Bg4 10. h3 Bxf3 11. Qxf3 Qc7 12. O-O O-O-O 13. a4 e6 14. a5 Nd5 15.
a6 b6 16. Bd2 f5 17. c4 Nf6 18. Qxc6 Qxc6 19. Bxc6 h4 20. Bb7+ Kc7 21. c5 Rxd4
22. cxb6+ axb6 23. Bc3 Bc5 24. Bxd4 Bxd4 25. Rac1+ Kb8 26. Rc4 Bc5 27. b4 Bd6
28. Rfc1 hxg3 29. Rc8+ Rxc8 30. Rxc8+ 1-0

[Event "Euro Online U2300 Day 1"]
[Site "chess.com INT"]
[Date "2020.05.25"]
[Round "4"]
[White "Karaoglan, Doruk"]
[Black "Eren, Ataberk"]
[Result "0-1"]
[WhiteTitle "CM"]
[BlackTitle "FM"]
[WhiteElo "2230"]
[BlackElo "2321"]
[WhiteFideId "6390927"]
[BlackFideId "6349765"]
[EventDate "2020.05.25"]

1. e4 e6 2. d4 d5 3. Nd2 c5 4. Ngf3 cxd4 5. Nxd4 Nf6 6. exd5 a6 7. N2f3 Qxd5 8.
Be2 Be7 9. O-O O-O 10. Re1 b5 11. Bf1 Bb7 12. b3 Rd8 13. Qe2 Nc6 14. Nxc6 Qxc6
15. Bb2 Rac8 16. c4 bxc4 17. Qxc4 Qb6 18. Qf4 Rc2 19. Bd4 Qa5 20. Rad1 Bxf3 21.
Qxf3 Rxd4 22. Rxd4 Qxe1 23. Rd1 Qa5 24. Qa8+ Bf8 25. Rd8 Qc5 0-1

[Event "Euro Online U2300 Day 1"]
[Site "chess.com INT"]
[Date "2020.05.25"]
[Round "4"]
[White "Hakobyan, Hakob V."]
[Black "Hoffmann, Hendrik"]
[Result "1-0"]
[BlackTitle "FM"]
[WhiteElo "2070"]
[BlackElo "2250"]
[WhiteFideId "13308807"]
[BlackFideId "4618130"]
[EventDate "2020.05.25"]

1. Nf3 d5 2. g3 Nf6 3. Bg2 c5 4. O-O Nc6 5. d4 e6 6. c4 Be7 7. cxd5 exd5 8. Nc3
O-O 9. dxc5 d4 10. Na4 Bg4 11. h3 Bh5 12. a3 Ne4 13. b4 b5 14. cxb6 axb6 15. Bb2
b5 16. Nc5 Nxc5 17. bxc5 Bxc5 18. Qc2 d3 19. Qxc5 dxe2 20. Rfe1 1-0

[Event "Euro Online U2300 Day 1"]
[Site "chess.com INT"]
[Date "2020.05.25"]
[Round "4"]
[White "Pavlidou, Ekaterini"]
[Black "Shishkov, Minko"]
[Result "0-1"]
[WhiteTitle "WIM"]
[WhiteElo "2170"]
[BlackElo "2268"]
[WhiteFideId "4213262"]
[BlackFideId "2904624"]
[EventDate "2020.05.25"]

1. d4 g6 2. c4 Bg7 3. Nc3 c5 4. d5 Bxc3+ 5. bxc3 f5 6. e4 fxe4 7. f3 e5 8. Qc2
Qh4+ 9. g3 Qe7 10. fxe4 d6 11. Be2 Nd7 12. Nf3 Ndf6 13. Nh4 Bh3 14. Be3 Kf7 15.
O-O-O Kg7 16. Bf1 Ng4 17. Be2 Nxe3 18. Bf1 Nxc2 19. Be2 Ne3 20. Bf1 Bxf1 0-1

[Event "Euro Online U2300 Day 1"]
[Site "chess.com INT"]
[Date "2020.05.25"]
[Round "4"]
[White "Tzoumbas, Anastasios"]
[Black "Jakubauskas, Zygimantas"]
[Result "1-0"]
[WhiteTitle "FM"]
[WhiteElo "2284"]
[BlackElo "2032"]
[WhiteFideId "4200519"]
[BlackFideId "12801046"]
[EventDate "2020.05.25"]

1. e4 c5 2. Nf3 Nc6 3. c3 d6 4. d4 cxd4 5. cxd4 g6 6. Nc3 Bg7 7. Be2 Nf6 8. O-O
O-O 9. h3 a6 10. Be3 Bd7 11. a3 Rc8 12. Rc1 Na5 13. Nd2 b5 14. b4 Nb7 15. e5 Ne8
16. f4 e6 17. Nce4 d5 18. Nc5 Nxc5 19. bxc5 Bc6 20. Nb3 a5 21. Bd2 a4 22. Na1
Nc7 23. Ba5 Qe7 24. Nc2 Ra8 25. Bb6 Na6 26. Rb1 Nc7 27. Bxc7 Qxc7 28. Bxb5 1-0

[Event "Euro Online U2300 Day 1"]
[Site "chess.com INT"]
[Date "2020.05.25"]
[Round "4"]
[White "Tsybulkin, Ivan"]
[Black "Jaroch, Pawel"]
[Result "0-1"]
[WhiteElo "1814"]
[BlackElo "2199"]
[WhiteFideId "34165140"]
[BlackFideId "1124366"]
[EventDate "2020.05.25"]

1. d4 Nf6 2. Bf4 c5 3. e3 d5 4. c3 Nc6 5. Nd2 Bf5 6. Ngf3 Qb6 7. Qb3 c4 8. Qxb6
axb6 9. Ne5 e6 10. Nxc6 bxc6 11. Be2 Be7 12. h4 O-O 13. O-O h6 14. b3 Ra3 15.
bxc4 Rfa8 16. Rfd1 Bc2 17. Rdc1 Rxa2 18. Rxa2 Rxa2 19. Bf1 Bf5 20. Nf3 Ba3 21.
Re1 dxc4 22. Bxc4 Rc2 23. e4 Bxe4 24. Rxe4 Nxe4 25. Bd3 Nxc3 26. Bxc2 Ne2+ 27.
Kf1 Nxf4 28. Bf5 exf5 0-1

[Event "Euro Online U2300 Day 1"]
[Site "chess.com INT"]
[Date "2020.05.25"]
[Round "4"]
[White "Unneland, Mathias"]
[Black "Hechl, Gerald"]
[Result "0-1"]
[BlackTitle "FM"]
[WhiteElo "2146"]
[BlackElo "2333"]
[WhiteFideId "1525581"]
[BlackFideId "1605674"]
[EventDate "2020.05.25"]

1. d4 d5 2. c4 dxc4 3. Nf3 a6 4. e3 b5 5. a4 Bb7 6. axb5 axb5 7. Rxa8 Bxa8 8. b3
e6 9. bxc4 bxc4 10. Bxc4 Nf6 11. O-O Be7 12. Nc3 O-O 13. Qc2 Bxf3 14. gxf3 c5
15. Rd1 cxd4 16. Rxd4 Qa5 17. Ne2 Nc6 18. Rh4 Ne5 19. Kg2 Qa8 20. Nd4 Rc8 0-1

[Event "Euro Online U2300 Day 1"]
[Site "chess.com INT"]
[Date "2020.05.25"]
[Round "4"]
[White "Vakhania, Aleksandra"]
[Black "Zenuni, Albert"]
[Result "1-0"]
[WhiteTitle "WIM"]
[WhiteElo "2138"]
[BlackElo "1981"]
[WhiteFideId "13602560"]
[BlackFideId "4702360"]
[EventDate "2020.05.25"]

1. d4 d5 2. Nf3 Nf6 3. Bf4 e6 4. e3 c5 5. c3 Nc6 6. Nbd2 a6 7. Bd3 Be7 8. O-O b5
9. Ne5 Bb7 10. Bg5 Qc7 11. f4 h6 12. Bh4 c4 13. Bc2 a5 14. Qf3 a4 15. a3 Ne4 16.
Nxe4 Nxe5 17. fxe5 Bxh4 18. Nd6+ Kd7 19. Qxf7+ Be7 20. Qxe6+ Kc6 21. Ne8+ Bd6
22. Nxc7 1-0

[Event "Euro Online U2300 Day 1"]
[Site "chess.com INT"]
[Date "2020.05.25"]
[Round "4"]
[White "Svicevic, Rastko"]
[Black "Nemkova, Ljubov"]
[Result "1-0"]
[WhiteTitle "FM"]
[BlackTitle "WFM"]
[WhiteElo "2215"]
[BlackElo "2172"]
[WhiteFideId "916315"]
[BlackFideId "4180070"]
[EventDate "2020.05.25"]

1. e4 g6 2. d4 Bg7 3. Nc3 c5 4. dxc5 Nc6 5. Bd2 Nf6 6. Nf3 O-O 7. a3 a5 8. Bc4
Ne8 9. O-O Nc7 10. Rb1 e5 11. b4 axb4 12. axb4 Qe7 13. Nd5 Nxd5 14. exd5 Nd4 15.
d6 Qd8 16. c3 Nf5 17. Bd5 Ra3 18. Re1 b6 19. Ra1 Rxa1 20. Qxa1 bxc5 21. bxc5 Nh4
22. Rb1 Nxf3+ 23. Bxf3 f5 24. Bd5+ Kh8 25. Rb8 Qh4 26. g3 Qg4 27. f3 Qh5 28. Qa8
Bh6 29. Rxc8 1-0

[Event "Euro Online U2300 Day 1"]
[Site "chess.com INT"]
[Date "2020.05.25"]
[Round "4"]
[White "Tsaruk, Maksim"]
[Black "Kocheev, Aleksandr"]
[Result "1-0"]
[WhiteTitle "FM"]
[WhiteElo "2302"]
[BlackElo "2315"]
[WhiteFideId "13511173"]
[BlackFideId "13507842"]
[EventDate "2020.05.25"]

1. e4 e5 2. Nf3 Nc6 3. Bb5 Nf6 4. d3 Bc5 5. c3 O-O 6. Bxc6 bxc6 7. Nxe5 d5 8. d4
Bd6 9. Nxc6 Qe8 10. e5 Qxc6 11. O-O Ne4 12. exd6 Qxd6 13. Nd2 Bf5 14. Qf3 Bg6
15. Nxe4 dxe4 16. Qg3 Qb6 17. b3 Rfe8 18. d5 Rad8 19. Be3 Qa6 20. c4 h6 21. Qxc7
Kh7 22. Rfd1 Qf6 23. Qf4 Qb2 24. Bd4 Qc2 25. Rd2 1-0

[Event "Euro Online U2300 Day 1"]
[Site "chess.com INT"]
[Date "2020.05.25"]
[Round "4"]
[White "Belenkaya, Dina"]
[Black "Kovacevic, Krsto"]
[Result "1-0"]
[WhiteTitle "WGM"]
[WhiteElo "2297"]
[BlackElo "2117"]
[WhiteFideId "24142654"]
[BlackFideId "14519739"]
[EventDate "2020.05.25"]

1. e4 c5 2. Nc3 Nc6 3. g3 g6 4. Bg2 Bg7 5. Nf3 Rb8 6. d3 b5 7. O-O b4 8. Nd5 e6
9. Re1 Nge7 10. Bg5 O-O 11. Nf6+ Kh8 12. Qd2 d6 13. Qf4 h5 14. Qh4 Qc7 15. g4 1-0

[Event "Euro Online U2300 Day 1"]
[Site "chess.com INT"]
[Date "2020.05.25"]
[Round "4"]
[White "Fus, Jakub"]
[Black "Shtyka, Sergey"]
[Result "1-0"]
[WhiteTitle "FM"]
[BlackTitle "FM"]
[WhiteElo "2370"]
[BlackElo "2175"]
[WhiteFideId "1193023"]
[BlackFideId "4138465"]
[EventDate "2020.05.25"]

1. c4 c5 2. Nc3 Nc6 3. g3 g6 4. Bg2 Bg7 5. e3 e5 6. Nge2 Nge7 7. d3 O-O 8. O-O
d6 9. a3 Be6 10. Nd5 Qd7 11. Re1 Bh3 12. Bh1 f5 13. Rb1 Nxd5 14. cxd5 Ne7 15. b4
b6 16. Bd2 g5 17. Nc3 h6 18. Qa4 Qxa4 19. Nxa4 Ng6 20. Nb2 f4 21. Be4 Ne7 22.
Nc4 Rad8 23. a4 Bf5 24. Rec1 h5 25. a5 Nc8 26. axb6 a6 27. bxc5 dxc5 28. b7 Na7
29. Ba5 Rb8 30. Bc7 1-0

[Event "Euro Online U2300 Day 1"]
[Site "chess.com INT"]
[Date "2020.05.25"]
[Round "4"]
[White "Czernek, Tymon"]
[Black "Terbe, Zsuzsanna"]
[Result "1-0"]
[BlackTitle "WFM"]
[WhiteElo "2199"]
[BlackElo "2192"]
[WhiteFideId "1199510"]
[BlackFideId "708801"]
[EventDate "2020.05.25"]

1. e4 c5 2. Nf3 Nc6 3. d4 cxd4 4. Nxd4 Nf6 5. Nc3 e5 6. Ndb5 d6 7. Bg5 a6 8. Na3
b5 9. Nd5 Be7 10. Bxf6 Bxf6 11. c3 Ne7 12. Nxf6+ gxf6 13. Nc2 Bb7 14. Bd3 d5 15.
exd5 Qxd5 16. Ne3 Qe6 17. Qe2 f5 18. f3 e4 19. fxe4 fxe4 20. Bc2 f5 21. O-O
O-O-O 22. a4 Qe5 23. axb5 axb5 24. Ra5 Bc6 25. c4 f4 26. Nd5 Nxd5 27. cxd5 Qd4+
28. Kh1 f3 29. gxf3 exf3 30. Qe6+ Rd7 31. Qxc6+ Rc7 32. Ra8# 1-0

[Event "Euro Online U2300 Day 1"]
[Site "chess.com INT"]
[Date "2020.05.25"]
[Round "4"]
[White "Martirosyan, Haik M."]
[Black "Dalkowski, Rafal"]
[Result "1-0"]
[WhiteTitle "GM"]
[WhiteElo "2617"]
[BlackElo "1877"]
[WhiteFideId "13306553"]
[BlackFideId "21862460"]
[EventDate "2020.05.25"]

1. b3 d5 2. Bb2 Nf6 3. Nf3 Bf5 4. g3 e6 5. Bg2 Bd6 6. O-O Nbd7 7. d3 c5 8. Nbd2
Qc7 9. e4 Bg6 10. Re1 Be7 11. exd5 exd5 12. Qe2 Nf8 13. Bxf6 gxf6 14. Nh4 Ne6
15. Bxd5 Nd4 16. Qd1 O-O 17. Bg2 f5 18. Ndf3 Bf6 19. Nxd4 Bxd4 20. Rc1 Bc3 21.
Re2 Rae8 22. Bf3 f4 23. Ng2 fxg3 24. hxg3 Re5 25. Rxe5 Bxe5 26. Qd2 Bd4 27. Nf4
Re8 28. Re1 Rxe1+ 29. Qxe1 Kf8 30. Kg2 b6 31. Be4 Qe7 32. Qe2 Bc3 33. Bxg6 hxg6
34. Qxe7+ Kxe7 35. Nd5+ Kd6 36. Nxc3 Ke5 37. Ne2 1-0

[Event "Euro Online U2300 Day 1"]
[Site "chess.com INT"]
[Date "2020.05.25"]
[Round "4"]
[White "Budisavljevic, Luka"]
[Black "Romashov, Anton"]
[Result "1-0"]
[WhiteTitle "FM"]
[WhiteElo "2444"]
[BlackElo "2070"]
[WhiteFideId "960047"]
[BlackFideId "14116758"]
[EventDate "2020.05.25"]

1. d4 Nf6 2. Nf3 c5 3. d5 g6 4. Nc3 Bg7 5. e4 O-O 6. e5 Ng4 7. Ng5 Nxe5 8. f4 f6
9. Nxh7 Kxh7 10. fxe5 fxe5 11. Bd3 Qb6 12. Qh5+ Kg8 13. Bxg6 Rf6 14. Qh7+ Kf8
15. Bh6 Rxg6 16. O-O+ 1-0

[Event "Euro Online U2300 Day 1"]
[Site "chess.com INT"]
[Date "2020.05.25"]
[Round "4"]
[White "Grela, Kacper"]
[Black "Palchuk, Andrii"]
[Result "1-0"]
[WhiteTitle "FM"]
[BlackTitle "FM"]
[WhiteElo "2377"]
[BlackElo "2183"]
[WhiteFideId "1154141"]
[BlackFideId "14176688"]
[EventDate "2020.05.25"]

1. d4 Nf6 2. c4 e6 3. Nc3 Bb4 4. a3 Bxc3+ 5. bxc3 O-O 6. e3 c5 7. Bd3 Qc7 8. Ne2
d5 9. cxd5 c4 10. Bc2 exd5 11. O-O Re8 12. Ng3 a5 13. f3 h5 14. e4 h4 15. Nf5
Bxf5 16. exf5 Nc6 17. Bg5 h3 18. gxh3 b5 19. Qd2 b4 20. Bxf6 gxf6 21. Qh6 Re2
22. f4 Rxc2 23. Kh1 Rg2 24. Rg1 Rg6 1-0

[Event "Euro Online U2300 Day 1"]
[Site "chess.com INT"]
[Date "2020.05.25"]
[Round "4"]
[White "Babiy, Igor"]
[Black "Steenbekkers, Franck"]
[Result "1-0"]
[BlackTitle "CM"]
[WhiteElo "2243"]
[BlackElo "2164"]
[WhiteFideId "14136244"]
[BlackFideId "1004220"]
[EventDate "2020.05.25"]

1. Nf3 c5 2. c4 Nc6 3. Nc3 g6 4. g3 Bg7 5. Bg2 e6 6. O-O Nge7 7. d4 cxd4 8. Nb5
d5 9. cxd5 Nxd5 10. Nfxd4 Nxd4 11. Nxd4 O-O 12. e4 Ne7 13. Be3 Bd7 14. Qb3 Nc6
15. Rfd1 Na5 16. Qb4 Rc8 17. Nb5 Nc4 18. Bd4 a6 19. Bxg7 Kxg7 20. Nd6 Nxd6 21.
Rxd6 Qc7 22. Qd4+ 1-0

[Event "Euro Online U2300 Day 1"]
[Site "chess.com INT"]
[Date "2020.05.25"]
[Round "4"]
[White "Makropoulou, Marina"]
[Black "Narva, Mai"]
[Result "0-1"]
[WhiteTitle "WGM"]
[BlackTitle "WIM"]
[WhiteElo "2173"]
[BlackElo "2333"]
[WhiteFideId "4200187"]
[BlackFideId "4500512"]
[EventDate "2020.05.25"]

1. e4 c5 2. Nf3 d6 3. d4 cxd4 4. Nxd4 Nf6 5. Nc3 Nc6 6. Bg5 e6 7. Qd2 a6 8. f3
Bd7 9. O-O-O Be7 10. h4 h6 11. Be3 h5 12. Kb1 Ne5 13. f4 Neg4 14. Bg1 b5 15. Bd3
O-O 16. Nce2 e5 17. Nf5 Bxf5 18. exf5 e4 19. Ng3 exd3 20. Qxd3 d5 21. Qf3 Rc8
22. Nxh5 Nxh5 23. Qxg4 Nf6 24. Qf3 Qc7 25. Rc1 Ne4 26. Be3 Bf6 27. c3 b4 28.
Rhd1 bxc3 29. Rxd5 c2+ 30. Ka1 Bxb2+ 31. Kxb2 Qc3# 0-1